| 000 | 00976nam a2200205 a 4500 | ||
|---|---|---|---|
| 001 | 000326004 | ||
| 003 | AM-YeHGA | ||
| 005 | 20250617130643.0 | ||
| 008 | 040412s1895 gs ||||gr|||||||||0|arm|d | ||
| 040 | _aAM-YeHGA | ||
| 041 | 0 | _aarm | |
| 245 | 0 | 0 |
_aՆերսիսեան հայոց հոգեւոր դպրանոցի ուսումնական եւ տնտեսական մասի համառօտ տեղեկագիրը : _bԿարդացուած փետրուարի 14-ին ... տարիում : Տարի. |
| 260 |
_aԹիֆլիս : _bտպ. Մ.Շարաձէի և ընկ. Նիկ, _c1895- |
||
| 300 | _aՏարի | ||
| 505 | 1 | 0 |
_g1896 (1895, 14 էջ) _g1897 (1897, 24 էջ, [1] ներդիր թ. աղյս.) _g1898 (1898, 26 էջ) _g1899 (1899, 24 էջ) |
| 650 | 1 | 4 |
_aՆերսիսյան հայոց հոգևոր դպրոց _vՏեղեկագիր |
| 856 | 4 | 1 |
_uhttps://arar.sci.am/dlibra/publication/395203/edition/365719/content _yԿարդալ առցանց 1897 |
| 942 |
_2udc _cBK |
||
| 090 | _c123015 | ||
| 999 |
_c121662 _d121662 |
||